Estadísticas para Capitales de los estados de Estados Unidos

Haz click aquí para intentar la prueba.

Estadísticas generales

  • Esta prueba ha sido intentada 3.309 veces
  • La puntuación promedio es 32 de 50

Estadísticas de respuestas

EstadoCapital% Correcto
CaliforniaSacramento
87%
HawáiHonolulu
85%
MassachusettsBoston
82%
ColoradoDenver
82%
IndianaIndianápolis
82%
TexasAustin
79%
ArizonaPhoenix
79%
GeorgiaAtlanta
78%
Nueva YorkAlbany
76%
OklahomaOklahoma City
74%
AlaskaJuneau
72%
UtahSalt Lake City
72%
FloridaTallahassee
72%
Nuevo MéxicoSanta Fe
70%
IllinoisSpringfield
69%
AlabamaMontgomery
66%
OhioColumbus
65%
MontanaHelena
65%
OregónSalem
64%
Carolina del SurColumbia
63%
MisisipiJackson
63%
LuisianaBaton Rouge
62%
IowaDes Moines
62%
ArkansasLittle Rock
62%
TennesseeNashville
62%
NevadaCarson City
61%
WashingtonOlympia
61%
Dakota del SurPierre
61%
Dakota del NorteBismarck
60%
IdahoBoise
60%
KansasTopeka
60%
Carolina del NorteRaleigh
58%
MaineAugusta
57%
DelawareDover
57%
MarylandAnnapolis
56%
WyomingCheyenne
56%
NebraskaLincoln
56%
Rhode IslandProvidence
55%
MisuriJefferson City
54%
MinnesotaSaint Paul
54%
KentuckyFrankfort
53%
VermontMontpelier
53%
Virginia OccidentalCharleston
52%
Nuevo HampshireConcord
52%
WisconsinMadison
52%
Nueva JerseyTrenton
52%
PensilvaniaHarrisburg
51%
ConnecticutHartford
51%
VirginiaRichmond
51%
MíchiganLansing
49%

Distribución de puntuación

Porcentaje por número respondido

Porcentaje de gente con cada puntuación

Historial de tus puntuaciones

No has intentado esta prueba.